000 01393nam a2200361 i 4500
001 9245
003 KOSZ 005
005 20191004113000.0
008 720525s1971 pl a f 000 0 pol d
040 _aKOSZ 005
_cKOSZ 005
_dKOSZ 005/RW
_dKOSZ 005/HR
041 1 _apol
_heng
046 _k1966
080 _a004
080 _a005
245 0 0 _aOrganizacja i prowadzenie zespołu przetwarzania danych /
_c[przekład Henryk Adamczewski].
246 1 _iTytuł orginału :
_aOrganization and control of a data processing unit
260 _aPoznań :
_bZakład Elektronicznej Techniki Obliczeniowej,
_c1966.
300 _aXI, [1], 135, [4] stron :
_bilustracje ;
_c24 cm.
336 _aTekst
_btxt
_2rdacontent
337 _aBez urządzenia pośredniczącego
_bn
_2rdamedia
338 _aWolumin
_bnc
_2rdacarrier
380 _aKsiążki
388 _a1901-2000
490 1 _aTechniki Komputerowego Zarządzania ;
_vt. 5
658 _aBibliotekarstwo, archiwistyka, muzealnictwo
650 7 _aOrganizacja
650 7 _aPrzetwarzanie danych
700 1 _aAdamczewski, Henryk.
_eTłumaczenie
710 2 _aZakład Elektronicznej Techniki Obliczeniowej (Poznań).
_4pbl.
830 0 _aTechniki Komputerowego Zarządzania
_vt. 5
856 _uhttp://koha.tu.koszalin.pl/cgi-bin/koha/opac-detail.pl?biblionumber=9245
_yKatalog online BPK
942 _2UKD
_cKS
999 _c9245
_d9245